[Event "Sunway Sitges Open 2017"]
[Site "Sitges ESP"]
[Date "2017.12.22"]
[Round "8.26"]
[White "Lopez Martinez, Josep Manuel"]
[Black "Garcia Martin, Marta"]
[Result "1-0"]
[WhiteTitle "GM"]
[BlackTitle "FM"]
[WhiteElo "2598"]
[BlackElo "2316"]
[WhiteFideId "2212943"]
[BlackFideId "32084030"]
[EventDate "2017.12.15"]

1. Nf3 d5 2. e3 Nf6 3. c4 e6 4. b3 c5 5. Bb2 Nc6 6. cxd5 exd5 7. Bb5 Bd6 8. d4
O-O 9. dxc5 Bxc5 10. O-O Bg4 11. Nc3 a6 12. Be2 Ba7 13. Rc1 Qd6 14. h3 Bh5 15.
Nh4 Bb8 16. g3 Bxe2 17. Nxe2 Ne5 18. Nf4 Qd7 19. Nf3 Re8 20. Kg2 Bc7 21. Nd3
Nxf3 22. Qxf3 Ne4 23. Rfd1 a5 24. Nc5 1-0

[Event "Sunway Sitges Open 2017"]
[Site "Sitges ESP"]
[Date "2017.12.22"]
[Round "8.27"]
[White "Alonso Rosell, Alvar"]
[Black "Sankalp, Gupta"]
[Result "1-0"]
[WhiteTitle "GM"]
[WhiteElo "2509"]
[BlackElo "2295"]
[WhiteFideId "2270544"]
[BlackFideId "5097010"]
[EventDate "2017.12.15"]

1. d4 Nf6 2. Nf3 e6 3. e3 b6 4. Bd3 c5 5. O-O Nc6 6. b3 Be7 7. Bb2 O-O 8. Nbd2
Bb7 9. c4 cxd4 10. exd4 d5 11. Rc1 Rc8 12. Qe2 Re8 13. Rfd1 Bf8 14. Nf1 g6 15.
Ne3 Bg7 16. Qe1 Nd7 17. Be2 Bh6 18. Rc2 Nf6 19. c5 Bxe3 20. fxe3 a5 21. a3 Na7
22. Rdc1 Ne4 23. Qf1 f6 24. b4 b5 25. a4 Nc6 26. axb5 Nxb4 27. Rd2 Nxd2 28. Nxd2
Kg7 29. Ba3 e5 30. Bb2 e4 31. Ba3 f5 32. Qf4 Re6 33. Bxb4 axb4 34. Nb3 Ra8 35.
c6 Bc8 36. Nc5 Re7 37. Qh4 h6 38. Qg3 Kh7 39. h4 Ra2 40. Bf1 Rf7 41. Qf4 g5 42.
hxg5 hxg5 43. Qh2+ Kg6 44. b6 Rh7 45. Qe5 g4 46. Ne6 Bxe6 47. Qxe6+ Kg5 48. Qe5 1-0

[Event "Sunway Sitges Open 2017"]
[Site "Sitges ESP"]
[Date "2017.12.22"]
[Round "8.28"]
[White "Karthik, Venkataraman"]
[Black "Kholopov, Alexander A."]
[Result "1/2-1/2"]
[WhiteTitle "FM"]
[BlackTitle "FM"]
[WhiteElo "2475"]
[BlackElo "2292"]
[WhiteFideId "25006479"]
[BlackFideId "4148100"]
[EventDate "2017.12.15"]

1. d4 f5 2. Bf4 Nf6 3. e3 g6 4. Nc3 Bg7 5. h4 h6 6. Qd2 d6 7. O-O-O Nc6 8. d5 e5
9. dxc6 exf4 10. cxb7 Bxb7 11. Nh3 fxe3 12. Qxe3+ Qe7 13. Qxe7+ Kxe7 14. Nf4 Ng4
15. Re1+ Kd7 16. Nxg6 Rhe8 17. Bd3 Bxc3 18. bxc3 Be4 19. Bxe4 fxe4 20. Re2 Re6
21. Nf4 Re5 22. Rhe1 Nf6 23. c4 Kc6 24. f3 exf3 25. gxf3 Rf5 26. Ne6 Rh5 27. Rh1
Re8 28. Kd2 Re5 29. Nf4 Rxe2+ 30. Nxe2 Kc5 31. Kd3 d5 32. cxd5 Nxd5 33. Kd2 Re3
34. Rf1 Ra3 35. Nc1 Ne3 36. Rg1 Nc4+ 37. Ke2 Re3+ 38. Kf2 Rc3 39. Nd3+ Kd5 40.
Rc1 a5 41. Nf4+ Ke5 42. Ne2 Ra3 43. Re1 Kf6 44. Nd4 c5 45. Re6+ Kf7 46. Rc6 cxd4
47. Rxc4 Rxa2 48. Ke2 Kg6 1/2-1/2

[Event "Sunway Sitges Open 2017"]
[Site "Sitges ESP"]
[Date "2017.12.22"]
[Round "8.29"]
[White "Lopez Mulet, Inigo"]
[Black "Romanishin, Oleg M"]
[Result "1-0"]
[WhiteTitle "FM"]
[BlackTitle "GM"]
[WhiteElo "2304"]
[BlackElo "2458"]
[WhiteFideId "22235620"]
[BlackFideId "14100088"]
[EventDate "2017.12.15"]

1. d4 Nf6 2. c4 e6 3. g3 Bb4+ 4. Bd2 c5 5. Bxb4 cxb4 6. Bg2 Qc7 7. Nd2 O-O 8. e4
d6 9. Ne2 e5 10. O-O Nc6 11. d5 Nb8 12. h3 Na6 13. f4 Nc5 14. f5 b5 15. cxb5 Bd7
16. a4 bxa3 17. Rxa3 Bxb5 18. Kh2 Rab8 19. b4 Bxe2 20. Qxe2 Rxb4 21. g4 Rb2 22.
Qe3 Rfb8 23. Rfa1 a6 24. R1a2 h6 25. Qc3 R2b4 26. Qc2 Qd8 27. Nc4 Nb3 28. Rxa6
Nd4 29. Qc3 Qc8 30. R2a4 Qc5 31. R6a5 1-0

[Event "Sunway Sitges Open 2017"]
[Site "Sitges ESP"]
[Date "2017.12.22"]
[Round "8.30"]
[White "Seyb, Alexander"]
[Black "Pajeken, Wolfgang"]
[Result "1/2-1/2"]
[WhiteTitle "IM"]
[BlackTitle "FM"]
[WhiteElo "2411"]
[BlackElo "2204"]
[WhiteFideId "4699033"]
[BlackFideId "4622170"]
[EventDate "2017.12.15"]

1. e4 e5 2. Nf3 Nc6 3. d4 exd4 4. Nxd4 Nf6 5. Nxc6 bxc6 6. e5 Qe7 7. Qe2 Nd5 8.
c4 Nb6 9. Nc3 Ba6 10. Qe4 f6 11. exf6 Qxe4+ 12. Nxe4 gxf6 13. Nxf6+ Kf7 14. Ng4
Re8+ 15. Ne3 Nxc4 16. Kd1 Nxe3+ 17. Bxe3 Bxf1 18. Rxf1 Rg8 19. g3 Re5 20. Kc2
Bc5 21. Rae1 Bxe3 22. Rxe3 Rxe3 23. fxe3+ Ke6 24. Rf4 Rg5 25. Re4+ Kd6 26. Kd3
h5 27. b3 Ra5 28. a4 Rg5 29. Ke2 c5 30. Kd3 Kd5 31. Rf4 Kc6 32. e4 d5 33. Rf6+
Kb7 34. exd5 Rxd5+ 35. Kc3 c6 36. h4 a5 37. Rg6 Kc7 38. g4 hxg4 39. Rxg4 Rd1 40.
Rg7+ Kb6 41. Rh7 Rd4 42. Rh8 Rg4 43. h5 c4 44. bxc4 1/2-1/2

[Event "Sunway Sitges Open 2017"]
[Site "Sitges ESP"]
[Date "2017.12.22"]
[Round "8.31"]
[White "Khademalsharieh, Sarasadat"]
[Black "Kumar, Nikhil"]
[Result "1-0"]
[WhiteTitle "IM"]
[BlackTitle "FM"]
[WhiteElo "2406"]
[BlackElo "2271"]
[WhiteFideId "12512214"]
[BlackFideId "30909040"]
[EventDate "2017.12.15"]

1. d4 d5 2. c4 e6 3. Nc3 Nf6 4. Nf3 c5 5. cxd5 Nxd5 6. e4 Nxc3 7. bxc3 cxd4 8.
cxd4 Bb4+ 9. Bd2 Bxd2+ 10. Qxd2 O-O 11. Rc1 b6 12. Bd3 Bb7 13. O-O Nd7 14. Qe3
Nf6 15. Ne5 Qe7 16. f3 Rac8 17. Bb5 Rfd8 18. a4 h6 19. Rfd1 Ne8 20. Nc6 Bxc6 21.
Bxc6 Nd6 22. Rc3 Rc7 23. Rdc1 Kf8 24. Qd3 Nb7 25. d5 Kg8 26. Qc2 exd5 27. Bxd5
Rxc3 28. Qxc3 Qc5+ 29. Qxc5 Nxc5 30. a5 Kf8 31. h4 Ke7 32. axb6 axb6 33. Rb1 Rb8
34. Ra1 Ne6 35. Ra7+ Kf8 36. f4 Rc8 37. f5 Rc1+ 38. Kf2 Nc7 39. Ke3 Rc5 40. Ba2
Ke7 41. Rb7 f6 42. Rxb6 Rc2 43. Rb7 Kd6 44. Bf7 Rxg2 45. Rb6+ Ke7 46. Bg6 Ra2
47. Rc6 Kd7 48. Rc1 Rg2 49. Rb1 Rg4 50. Rb8 Na6 51. Rg8 Nc5 52. Rxg7+ Kd6 53. h5
Rxe4+ 54. Kf3 Re7 55. Rg8 Ne4 56. Rh8 Ke5 57. Rxh6 Ng5+ 58. Ke3 Ra7 59. Rh8 Ra3+
60. Ke2 Ra2+ 61. Kd3 Ra3+ 62. Kc4 Ra4+ 63. Kb5 Rh4 64. h6 Kf4 65. Kc6 Rh1 66. h7
Rc1+ 67. Kd7 Rh1 68. Ke7 Ke5 69. Kf8 Ra1 70. Kg7 Ra7+ 71. Kh6 Ra1 72. Re8+ Kd5 1-0

[Event "Sunway Sitges Open 2017"]
[Site "Sitges ESP"]
[Date "2017.12.22"]
[Round "8.32"]
[White "Lillo Castany, Victor"]
[Black "Soham, Das"]
[Result "1/2-1/2"]
[WhiteTitle "FM"]
[WhiteElo "2396"]
[BlackElo "2263"]
[WhiteFideId "2278995"]
[BlackFideId "35026763"]
[EventDate "2017.12.15"]

1. e4 c6 2. c4 d5 3. cxd5 cxd5 4. exd5 Nf6 5. Bb5+ Nbd7 6. Nf3 a6 7. Be2 Nxd5 8.
d4 e6 9. O-O Be7 10. Nc3 N7f6 11. Ne5 O-O 12. Bf3 Bd7 13. Qb3 Bc6 14. Bg5 Nxc3
15. Nxc6 Ne2+ 16. Bxe2 bxc6 17. Qa4 Qb6 18. Bf3 Rac8 19. Rac1 Qb5 20. Qxb5 cxb5
21. Bb7 Rb8 22. Bf3 Nd5 23. Bxe7 Nxe7 24. Rc7 Nf5 25. Rd1 Rfd8 26. d5 e5 27. Rc6
a5 28. d6 Nd4 29. Ra6 Rd7 30. Kf1 Rbd8 31. Rxa5 Rxd6 32. Be2 f5 33. a4 Nxe2 34.
Rxd6 Rxd6 35. Kxe2 bxa4 1/2-1/2

[Event "Sunway Sitges Open 2017"]
[Site "Sitges ESP"]
[Date "2017.12.22"]
[Round "8.33"]
[White "Schwartz, Ylon"]
[Black "Valenzuela Gomez, Fernando"]
[Result "0-1"]
[WhiteTitle "FM"]
[BlackTitle "FM"]
[WhiteElo "2238"]
[BlackElo "2385"]
[WhiteFideId "2009323"]
[BlackFideId "3409392"]
[EventDate "2017.12.15"]

1. d4 Nf6 2. c4 e6 3. Nf3 Bb4+ 4. Bd2 a5 5. Qc2 d6 6. Nc3 Nbd7 7. g4 e5 8. g5
Nh5 9. dxe5 dxe5 10. O-O-O O-O 11. h4 Ra6 12. Bh3 Re8 13. Bg4 Nf4 14. e3 Nc5 15.
Bxc8 Nfd3+ 16. Kb1 Qxc8 17. Rdf1 Qg4 18. Ne1 Nxe1 19. Bxe1 Qxc4 20. f3 Rb6 21.
b3 Qe6 22. e4 Bxc3 23. Qxc3 0-1

[Event "Sunway Sitges Open 2017"]
[Site "Sitges ESP"]
[Date "2017.12.23"]
[Round "9.2"]
[White "Shankland, Samuel"]
[Black "Hambleton, Aman"]
[Result "1-0"]
[WhiteTitle "GM"]
[BlackTitle "IM"]
[WhiteElo "2662"]
[BlackElo "2474"]
[WhiteFideId "2004887"]
[BlackFideId "2606577"]
[EventDate "2017.12.15"]

1. Nf3 d5 2. g3 c6 3. Bg2 Bg4 4. O-O Nd7 5. d3 Ngf6 6. Nbd2 e5 7. h3 Bxf3 8.
Nxf3 Bc5 9. e3 O-O 10. b3 Re8 11. Bb2 a5 12. a3 Qc7 13. Qe2 Bd6 14. Nd2 Nc5 15.
Rae1 Qe7 16. e4 dxe4 17. dxe4 b5 18. Rd1 Ncd7 19. a4 Ba3 20. Bxa3 Qxa3 21. axb5
cxb5 22. Qxb5 Qb2 23. Qd3 Nc5 24. Qe3 Qa3 25. Nc4 Qb4 26. c3 Qxb3 27. Nd6 Na4
28. Nxe8 Rxe8 29. Ra1 Nxc3 30. Rxa5 Qb4 31. Rfa1 h6 32. Ra8 Rxa8 33. Rxa8+ Kh7
34. Ra7 Kg8 35. Qd3 Ncxe4 36. Ra8+ Kh7 37. Kh2 Qe1 38. Ra2 g6 39. Re2 Nc5 40.
Qc4 1-0

[Event "Sunway Sitges Open 2017"]
[Site "Sitges ESP"]
[Date "2017.12.23"]
[Round "9.3"]
[White "Salem, A.R. Saleh"]
[Black "Peralta, Fernando"]
[Result "1-0"]
[WhiteTitle "GM"]
[BlackTitle "GM"]
[WhiteElo "2638"]
[BlackElo "2556"]
[WhiteFideId "9301348"]
[BlackFideId "105309"]
[EventDate "2017.12.15"]

1. d4 Nf6 2. c4 e6 3. Nf3 d5 4. Nc3 Bb4 5. Bg5 h6 6. Bxf6 Qxf6 7. e3 O-O 8. Rc1
dxc4 9. Bxc4 c5 10. dxc5 Nd7 11. O-O Nxc5 12. Nb5 a6 13. Nbd4 Ba5 14. a3 Bb6 15.
b4 Ne4 16. Qd3 Ng5 17. Nxg5 hxg5 18. Qe4 Rb8 19. Nf3 Bd7 20. Ne5 Rfd8 21. f4 Bc6
22. Nxc6 bxc6 23. Kh1 Qf5 24. Qxf5 exf5 25. fxg5 Bxe3 26. Rce1 Bxg5 27. Rxf5 Bf6
28. Ref1 Re8 29. Rc5 Re3 30. g4 Rxa3 31. g5 Bd4 32. Rxc6 Ra1 33. Rxa1 Bxa1 34.
Rxa6 Rxb4 35. Ra8+ Kh7 36. Bd3+ f5 1-0

[Event "Sunway Sitges Open 2017"]
[Site "Sitges ESP"]
[Date "2017.12.23"]
[Round "9.4"]
[White "Santos Latasa, Jaime"]
[Black "Melkumyan, Hrant"]
[Result "1/2-1/2"]
[WhiteTitle "IM"]
[BlackTitle "GM"]
[WhiteElo "2536"]
[BlackElo "2633"]
[WhiteFideId "2293307"]
[BlackFideId "13302485"]
[EventDate "2017.12.15"]

1. e4 c6 2. d4 d5 3. exd5 cxd5 4. Bd3 Nc6 5. c3 Nf6 6. Bf4 Bg4 7. Qb3 Qd7 8. Nd2
e6 9. Ngf3 Bxf3 10. Nxf3 Bd6 11. Bxd6 Qxd6 12. O-O Rb8 13. Rfe1 O-O 14. a4 Nd7
15. Qc2 g6 16. Qd2 Rfe8 17. h3 Kg7 18. Re2 a6 19. Rae1 Qc7 20. h4 b5 1/2-1/2

[Event "Sunway Sitges Open 2017"]
[Site "Sitges ESP"]
[Date "2017.12.23"]
[Round "9.5"]
[White "Bologan, Victor"]
[Black "Dann, Matthias"]
[Result "0-1"]
[WhiteTitle "GM"]
[BlackTitle "IM"]
[WhiteElo "2607"]
[BlackElo "2517"]
[WhiteFideId "13900048"]
[BlackFideId "24638056"]
[EventDate "2017.12.15"]

1. e4 c5 2. Nf3 d6 3. Bb5+ Bd7 4. c4 Nf6 5. Nc3 g6 6. d4 cxd4 7. Nxd4 Nc6 8. O-O
Bg7 9. Bxc6 bxc6 10. c5 O-O 11. h3 Qc8 12. Nb3 d5 13. e5 Ne4 14. Qd4 Nxc3 15.
Qxc3 a5 16. Bf4 Qa6 17. Qd2 Qb5 18. Rac1 Qb4 19. Rc3 Rfb8 20. a3 Qb7 21. Rb1 a4
22. Nd4 Qc8 23. Re1 Be6 24. g4 Rb7 25. Bg3 Rab8 26. Rc2 h5 27. gxh5 Bf5 28. Nxf5
Qxf5 29. hxg6 fxg6 30. Re2 Qxh3 31. Qa5 Qg4 32. Qa6 Rb3 33. Qxc6 e6 34. Qa6 d4
35. c6 Rf8 36. Qa5 d3 0-1

[Event "Sunway Sitges Open 2017"]
[Site "Sitges ESP"]
[Date "2017.12.23"]
[Round "9.6"]
[White "Predke, Alexandr"]
[Black "Gascon Del Nogal, Jose Rafael"]
[Result "0-1"]
[WhiteTitle "GM"]
[BlackTitle "IM"]
[WhiteElo "2599"]
[BlackElo "2479"]
[WhiteFideId "24107581"]
[BlackFideId "3902463"]
[EventDate "2017.12.15"]

1. d4 Nf6 2. Nf3 d5 3. c4 e6 4. Nc3 dxc4 5. e4 Bb4 6. Bg5 c5 7. Bxc4 cxd4 8.
Nxd4 Bxc3+ 9. bxc3 Qa5 10. Bb5+ Nbd7 11. Bxf6 Qxc3+ 12. Kf1 gxf6 13. Rc1 Qb4 14.
Be2 Ne5 15. h4 Bd7 16. Rh3 Rd8 17. Rb3 Qd6 18. Rxb7 O-O 19. Rxa7 Be8 20. f4 Nc6
21. e5 Qxd4 22. Qxd4 Rxd4 0-1

[Event "Sunway Sitges Open 2017"]
[Site "Sitges ESP"]
[Date "2017.12.23"]
[Round "9.7"]
[White "Motylev, Alexander"]
[Black "Stella, Andrea"]
[Result "1-0"]
[WhiteTitle "GM"]
[BlackTitle "GM"]
[WhiteElo "2675"]
[BlackElo "2505"]
[WhiteFideId "4121830"]
[BlackFideId "827061"]
[EventDate "2017.12.15"]

1. e4 c5 2. Nf3 e6 3. d4 cxd4 4. Nxd4 Nc6 5. Nc3 Qc7 6. Be3 a6 7. a3 b5 8. Nxc6
Qxc6 9. Be2 Bb7 10. O-O Qc7 11. Qd3 Nf6 12. Rad1 b4 13. axb4 Bxb4 14. Bd4 e5 15.
Qg3 d6 16. Be3 O-O 17. Bh6 Ne8 18. Rd3 Kh8 19. Bg5 f6 20. Be3 d5 21. exd5 Nd6
22. Rc1 Nc4 23. Na2 Ba5 24. b4 f5 25. bxa5 f4 26. Bb6 Nxb6 27. axb6 Qc4 28. Qg6
f3 29. Rxf3 Qxe2 30. Qd3 Qxd3 31. Rxd3 Rf6 32. c4 Rxb6 33. c5 Rb2 34. c6 Bc8 35.
Nc3 Bf5 36. Re3 e4 37. Nxe4 g6 38. h3 1-0

[Event "Sunway Sitges Open 2017"]
[Site "Sitges ESP"]
[Date "2017.12.23"]
[Round "9.8"]
[White "Zubov, Alexander"]
[Black "Manolache, Marius"]
[Result "1-0"]
[WhiteTitle "GM"]
[BlackTitle "GM"]
[WhiteElo "2626"]
[BlackElo "2495"]
[WhiteFideId "14109409"]
[BlackFideId "1201530"]
[EventDate "2017.12.15"]

1. e4 d6 2. d4 Nf6 3. Nc3 g6 4. g3 Bg7 5. Bg2 Nbd7 6. Nge2 c5 7. O-O O-O 8. h3
a6 9. a4 Rb8 10. a5 cxd4 11. Nxd4 Nc5 12. Be3 Bd7 13. b4 Ne6 14. Nde2 Qe8 15.
Qd3 Rc8 16. Rac1 Nc7 17. Rfe1 Be6 18. Nd5 Ncxd5 19. exd5 Bf5 20. Qb3 Qd7 21. Kh2
Be4 22. Red1 Bxg2 23. Kxg2 Rfe8 24. c4 e6 25. dxe6 Rxe6 26. c5 Ne8 27. Nf4 Re4
28. f3 Re5 29. Bd4 Re7 30. Bf2 Bh6 31. Rc4 Bxf4 32. Rxf4 Qe6 33. Qd3 d5 34. Re1
Qd7 35. Rxe7 Qxe7 36. Qxd5 Nf6 37. Qd6 Qxd6 38. cxd6 Nd7 39. Re4 Rc6 40. Re8+
Kg7 41. Bd4+ Kh6 42. Bc5 g5 43. Rg8 f6 44. g4 b6 45. axb6 a5 46. h4 gxh4 47.
Be3# 1-0

[Event "Sunway Sitges Open 2017"]
[Site "Sitges ESP"]
[Date "2017.12.23"]
[Round "9.9"]
[White "Santos Ruiz, Miguel"]
[Black "Edouard, Romain"]
[Result "1/2-1/2"]
[WhiteTitle "IM"]
[BlackTitle "GM"]
[WhiteElo "2509"]
[BlackElo "2621"]
[WhiteFideId "22291482"]
[BlackFideId "633429"]
[EventDate "2017.12.15"]

1. d4 d5 2. c4 dxc4 3. e3 Nf6 4. Bxc4 e6 5. Nf3 c5 6. O-O a6 7. dxc5 Qxd1 8.
Rxd1 Bxc5 9. Be2 b6 10. Nbd2 Bb7 11. Nc4 Nbd7 12. Nd4 Rc8 13. Nb3 Be7 14. f3 Bd5
15. Ncd2 Bb7 16. Nc4 1/2-1/2

[Event "Sunway Sitges Open 2017"]
[Site "Sitges ESP"]
[Date "2017.12.23"]
[Round "9.11"]
[White "Bilguun, Sumiya"]
[Black "Agrest, Evgenij"]
[Result "1/2-1/2"]
[WhiteTitle "IM"]
[BlackTitle "GM"]
[WhiteElo "2459"]
[BlackElo "2600"]
[WhiteFideId "4901541"]
[BlackFideId "1705024"]
[EventDate "2017.12.15"]

1. e4 c6 2. d4 d5 3. Nd2 dxe4 4. Nxe4 Nf6 5. Nxf6+ exf6 6. c3 Bd6 7. Bd3 O-O 8.
Ne2 Re8 9. O-O Qc7 10. h3 Nd7 11. Qc2 Nf8 12. c4 Qd8 13. Be3 Ng6 14. Rfe1 Be6
15. Ng3 Rc8 16. Bf5 Qd7 17. Bxe6 fxe6 18. Ne4 Bb8 19. Nd2 Nh4 20. Qe4 g5 21. g3
Ng6 22. Qf3 Qg7 23. Nb3 b6 24. Bd2 c5 25. dxc5 Ne5 26. Qe4 f5 27. Qg2 Nxc4 28.
Bc3 e5 29. g4 bxc5 30. gxf5 Nd6 31. Qd5+ Nf7 32. Nd2 Qf6 33. Qf3 Nd6 34. Ne4
Nxe4 35. Rxe4 Rf8 1/2-1/2

[Event "Sunway Sitges Open 2017"]
[Site "Sitges ESP"]
[Date "2017.12.23"]
[Round "9.12"]
[White "Sokolov, Ivan"]
[Black "Narciso Dublan, Marc"]
[Result "1-0"]
[WhiteTitle "GM"]
[BlackTitle "GM"]
[WhiteElo "2589"]
[BlackElo "2456"]
[WhiteFideId "14400030"]
[BlackFideId "2201500"]
[EventDate "2017.12.15"]

1. d4 d5 2. Nf3 Nf6 3. c4 c6 4. Nc3 a6 5. e3 b5 6. b3 Bg4 7. a4 b4 8. Ne2 Bxf3
9. gxf3 g6 10. Ng3 Bg7 11. e4 dxc4 12. Bxc4 O-O 13. Be3 c5 14. d5 Nbd7 15. Rc1
Ne8 16. f4 Bb2 17. Rc2 Bc3+ 18. Kf1 Nd6 19. Be2 c4 20. Qb1 Qa5 21. e5 cxb3 22.
Qxb3 Nb7 23. Rxc3 bxc3 24. Qxb7 Rfd8 25. Kg2 Qxa4 26. e6 fxe6 27. Rc1 Qa3 28.
dxe6 Nf8 29. f5 Qd6 30. Rxc3 Rab8 31. Qxa6 Qxa6 32. Bxa6 Ra8 33. Rc6 Kg7 34. Bb7
Ra4 35. Rc7 gxf5 36. Rxe7+ Kf6 37. Rf7+ Kxe6 38. Rxf5 Ng6 39. Rh5 Rh4 40. Rxh4
Nxh4+ 41. Kh3 Ng6 42. Be4 Nf8 43. Kg2 Kf7 44. h4 Kg8 45. f4 Ne6 46. Nh5 Kf7 47.
Ng3 Kg8 48. f5 Nc7 49. Kf3 Nb5 50. Nh5 Kf7 51. Nf4 Rd1 52. Bd3 Nd6 53. Kg4 Re1
54. Bc5 Ne4 55. Bc4+ Ke8 56. Bd4 Rd1 57. Ne6 Ke7 58. Kf4 Nf6 59. Be2 Rh1 60. Bf2
h6 61. Bf3 Rb1 62. Bc5+ Kf7 63. Bf8 h5 64. Bc5 Rf1 65. Kg3 Ra1 66. Bd4 Ra5 67.
Kf4 Ke7 68. Kg5 Nd7 69. Bxh5 Ra2 70. Bg4 Kd6 71. h5 Kd5 72. h6 Rh2 73. Bg1 1-0

[Event "Sunway Sitges Open 2017"]
[Site "Sitges ESP"]
[Date "2017.12.23"]
[Round "9.13"]
[White "Petrov, Nikita"]
[Black "Yankelevich, Lev"]
[Result "1/2-1/2"]
[WhiteTitle "IM"]
[BlackTitle "IM"]
[WhiteElo "2574"]
[BlackElo "2435"]
[WhiteFideId "4101286"]
[BlackFideId "24684074"]
[EventDate "2017.12.15"]

1. Nf3 Nf6 2. g3 b6 3. Bg2 Bb7 4. O-O g6 5. c4 Bg7 6. d4 O-O 7. d5 Ne4 8. Qc2 f5
9. Ng5 Nd6 10. Bf4 Qe8 11. Na3 h6 12. Nf3 e5 13. dxe6 dxe6 14. Nb5 Nxb5 15. cxb5
e5 16. Bxe5 Bxe5 17. Nxe5 Bxg2 18. Qc4+ Kh8 19. Qc3 Bxf1 20. Nxg6+ Kh7 21. Nxf8+
Qxf8 22. Rxf1 Nd7 23. Rd1 Nf6 24. Qxc7+ Kg6 25. Rc1 Qf7 26. Qxf7+ Kxf7 27. Rc7+
Ke6 28. f3 Rd8 29. Rxa7 Rd2 30. Ra6 Nd7 31. a4 Rxe2 32. a5 Rxb2 33. axb6 Rxb5
34. b7+ Kd5 35. Rxh6 Ne5 36. Rh8 Rxb7 37. Rd8+ Ke6 38. Re8+ Kf6 39. Rf8+ Kg6 40.
g4 Nxf3+ 41. Kf2 fxg4 42. h3 Ne5 43. hxg4 Nxg4+ 44. Ke2 Rb3 45. Kd2 Nf6 46. Kc2
Rh3 47. Kd2 Kf5 48. Ke2 Ke5 49. Kd2 Nd5 50. Ra8 Nb4 51. Rb8 Rb3 52. Rh8 Rd3+ 53.
Ke2 Rb3 54. Rh5+ Kf4 55. Rh4+ Kg3 56. Rh8 Nd5 57. Rg8+ Kf4 58. Re8 Rh3 59. Kd2
Nf6 60. Rf8 Ke5 61. Ke2 Ra3 62. Rd8 Ke4 63. Kd2 Nd5 64. Re8+ Kd4 65. Ke2 Rb3 66.
Kf2 Nf6 67. Rd8+ Ke4 68. Ke2 Rh3 69. Kd2 Rh2+ 70. Kc3 Nd5+ 71. Kb3 Rh3+ 72. Kc2
Kd4 73. Kd2 Rh2+ 74. Ke1 Ra2 75. Kd1 Ke4 76. Ke1 Ke3 77. Rxd5 Ra1+ 78. Rd1 Rxd1+
79. Kxd1 1/2-1/2

[Event "Sunway Sitges Open 2017"]
[Site "Sitges ESP"]
[Date "2017.12.23"]
[Round "9.14"]
[White "Liang, Awonder"]
[Black "Krishna, C R G"]
[Result "1/2-1/2"]
[WhiteTitle "GM"]
[BlackTitle "IM"]
[WhiteElo "2573"]
[BlackElo "2421"]
[WhiteFideId "2056437"]
[BlackFideId "5018625"]
[EventDate "2017.12.15"]

1. Nf3 f5 2. d3 d6 3. e4 e5 4. Nc3 Nc6 5. exf5 Nge7 6. Nh4 Nxf5 7. Qh5+ g6 8.
Nxg6 Ng7 9. Qh4 Qxh4 10. Nxh4 Nd4 11. Kd1 Be7 12. Nf3 Bg4 13. h3 Bxf3+ 14. gxf3
Bh4 15. f4 exf4 16. Bxf4 O-O 17. Bh6 Rae8 18. Rg1 Re1+ 19. Kxe1 Bxf2+ 20. Kd2
Nf3+ 21. Kd1 Bxg1 22. Be2 c6 23. Ne4 d5 24. Nd2 Ne5 25. c3 Rf6 26. Bxg7 1/2-1/2

[Event "Sunway Sitges Open 2017"]
[Site "Sitges ESP"]
[Date "2017.12.23"]
[Round "9.15"]
[White "Pogorelov, Ruslan"]
[Black "Vasquez Schroeder, Rodrigo"]
[Result "1/2-1/2"]
[WhiteTitle "GM"]
[BlackTitle "GM"]
[WhiteElo "2344"]
[BlackElo "2547"]
[WhiteFideId "14100363"]
[BlackFideId "3400042"]
[EventDate "2017.12.15"]

1. Nf3 Nf6 2. c4 e6 3. Nc3 d5 4. d4 c6 5. e3 a6 6. b3 c5 7. cxd5 exd5 8. Bb2 b6
9. Be2 Bb7 10. O-O Bd6 11. Rc1 Nbd7 12. Rc2 O-O 13. Qa1 Rc8 14. dxc5 bxc5 15.
Na4 Qe7 16. Rfc1 Rfe8 17. Ne1 g6 18. Nd3 Ne4 19. Bf1 h5 20. Nc3 Nef6 21. g3 c4
22. Ne1 h4 23. Ne2 Ne4 24. Bd4 hxg3 25. hxg3 cxb3 26. axb3 Ndc5 27. Qa2 Ne6 28.
Rxc8 Bxc8 29. Ba1 Bb7 30. Nd4 Nxd4 31. Bxd4 Qe6 32. Bg2 Qf5 33. Qe2 Rc8 34.
Rxc8+ Qxc8 35. Qb2 a5 36. Nd3 Ba6 37. Nf4 Qc6 38. Bxe4 dxe4 39. Be5 Bf8 40. Kh2
Kh7 41. Qd2 g5 42. Nh5 Kg6 43. g4 Qe6 44. Qxa5 Be2 45. Ng3 Bxg4 46. Qa8 Qxe5 47.
Qxf8 f5 1/2-1/2

[Event "Sunway Sitges Open 2017"]
[Site "Sitges ESP"]
[Date "2017.12.23"]
[Round "9.16"]
[White "Munguntuul, Batkhuyag"]
[Black "Asis Gargatagli, Hipolito"]
[Result "1/2-1/2"]
[WhiteTitle "IM"]
[BlackTitle "IM"]
[WhiteElo "2397"]
[BlackElo "2531"]
[WhiteFideId "4900758"]
[BlackFideId "2260735"]
[EventDate "2017.12.15"]

1. e4 c5 2. Nf3 d6 3. d4 cxd4 4. Nxd4 Nf6 5. Nc3 a6 6. Be2 e5 7. Nf3 Qc7 8. Bg5
Nbd7 9. a4 h6 10. Be3 Nb6 11. Nd2 Be6 12. O-O Be7 13. Bd3 Rc8 14. Qe2 Nbd7 15.
Rfd1 O-O 16. Nf1 Rfd8 17. Kh1 Qc6 18. f3 Nc5 19. Bxc5 Qxc5 20. Ne3 g6 21. a5 Rc6
22. Qd2 Kg7 23. Na4 Qa7 24. c4 h5 25. b4 Rh8 26. Nd5 Bxd5 27. exd5 Rcc8 28. Nb6
Rce8 29. Rac1 h4 30. c5 Nh5 31. c6 bxc6 32. dxc6 Bd8 33. Qe3 e4 34. fxe4 Re5 35.
Nd5 Qxe3 36. Nxe3 Bg5 37. Re1 Ng3+ 38. Kg1 Nxe4 39. c7 Nf6 40. Nc4 Rxe1+ 41.
Rxe1 Rc8 42. Re7 Nd5 43. Rxf7+ Kxf7 44. Nxd6+ Ke6 45. Nxc8 Nxc7 46. Bxg6 Bd2 47.
Nb6 Bxb4 1/2-1/2

[Event "Sunway Sitges Open 2017"]
[Site "Sitges ESP"]
[Date "2017.12.23"]
[Round "9.17"]
[White "Lopez Martinez, Josep Manuel"]
[Black "Eggleston, David J"]
[Result "1-0"]
[WhiteTitle "GM"]
[BlackTitle "IM"]
[WhiteElo "2598"]
[BlackElo "2389"]
[WhiteFideId "2212943"]
[BlackFideId "412120"]
[EventDate "2017.12.15"]

1. Nf3 d5 2. c4 e6 3. e3 Nf6 4. d4 dxc4 5. Bxc4 a6 6. O-O c5 7. Bb3 b5 8. a4 b4
9. e4 Bb7 10. e5 Nd5 11. Nbd2 cxd4 12. Nc4 Nd7 13. Bg5 Qb8 14. a5 h6 15. Bh4 Be7
16. Bxe7 Kxe7 17. Qxd4 Rd8 18. Ba4 Kf8 19. Rfd1 Kg8 20. Rac1 Qa7 21. Nd6 Qxd4
22. Nxd4 Rab8 23. Bc6 Ba8 24. Bxa8 Rxa8 25. Nc6 Rf8 26. g3 Nb8 27. Nd4 Ra7 28.
f4 Rd8 29. Kf2 Kh7 30. Kf3 g5 31. Rc4 gxf4 32. gxf4 Rad7 33. Nc6 Nxc6 34. Rxc6
f6 35. Nc4 Rf8 36. Rd4 Re7 37. Rxa6 fxe5 38. Nxe5 Rf5 39. h4 Nxf4 40. Rxf4 Rxe5
41. Rxb4 Rf7+ 42. Rf4 Rxf4+ 43. Kxf4 Rb5 44. Rxe6 Rxb2 45. a6 Ra2 46. Ke5 h5 47.
Kd5 Ra4 48. Kc5 Rxh4 49. a7 Ra4 50. Kb6 Rb4+ 51. Ka5 Rb1 52. Re4 1-0